Statistics for 10 Most Populated Countries in the European Union

Click here to take the quiz!

General Stats

  • This quiz has been taken 436 times
    (327 since last reset)
  • The average score is 9 of 10

Answer Stats

Population%Country% Correct
82,850,00016.2%Germany
100%
66,992,00013.1%France
99%
60,483,97311.8%Italy
98%
46,934,6329.10%Spain
98%
37,976,6877.43%Poland
96%
17,118,0843.37%Netherlands
86%
11,413,0582.24%Belgium
82%
10,738,8682.10%Greece
82%
19,523,6213.82%Romania
82%
10,610,0552.07%Czech Republic
75%

Score Distribution

Percentile by Number Answered

Percent of People with Each Score

Your Score History

You have not taken this quiz since the last reset